| 000 | 00457cam a22001932a 4500 | ||
|---|---|---|---|
| 001 | 015879 | ||
| 003 | AR-FADEU | ||
| 008 | 311216n1946####xxu####################dd | ||
| 092 |
_a891.73 _bC965-5 |
||
| 245 | _aCUENTOS y leyendas de la vieja Rusia | ||
| 250 | _a5a. ed | ||
| 260 | _aBuenos Aires | ||
| 260 | _bEspasa Calpe | ||
| 260 | _c1946 | ||
| 300 | _a151 p | ||
| 440 | _aAustral | ||
| 650 | _aLITERATURA RUSA; CUENTO/REVISADO/ | ||
| 942 | _cBDGR | ||
| 999 |
_c21637 _d21637 |
||